Φιλελεύθερη Έμφαση / Τριμηνιαία Επιθεώρηση του Ινστιτούτου Δημοκρατίας Κωνσταντίνος Καραμανλής (Record no. 9037)
[ view plain ]
| 000 -LEADER | |
|---|---|
| fixed length control field | 02118cam a22002054a 4500 |
| 005 - ΗΜΕΡΟΜΗΝΙΑ ΚΑΙ ΩΡΑ ΤΕΛΕΥΤΑΙΑΣ ΕΝΗΜΕΡΩΣΗΣ | |
| Πεδίο ελέγχου | 20250605164352.0 |
| 008 - FIXED-LENGTH DATA ELEMENTS--GENERAL INFORMATION | |
| Πεδίο ελέγχου σταθερού μήκους | 250528s ||||||||||||||||||||||||d |
| 035 ## - SYSTEM CONTROL NUMBER | |
| System control number | 24139 |
| 040 ## - ΠΗΓΗ ΚΑΤΑΛΟΓΟΓΡΑΦΗΣΗΣ | |
| Φορέας πρωτότυπης καταλογογράφησης | MC Athens Campus Library |
| Γλώσσα καταλογογράφησης | Ελληνικά, Μοντέρνα (1453-) |
| Modifying agency | MC Athens Campus Library |
| Κανόνες περιγραφικής καταλογογράφησης | AACR2 |
| 245 1# - ΤΙΤΛΟΣ ΚΑΙ ΔΗΛΩΣΗ ΥΠΕΥΘΥΝΟΤΗΤΑΣ | |
| Τίτλος | Φιλελεύθερη Έμφαση / Τριμηνιαία Επιθεώρηση του Ινστιτούτου Δημοκρατίας Κωνσταντίνος Καραμανλής |
| 260 ## - PUBLICATION, DISTRIBUTION, ETC. | |
| Name of publisher, distributor, etc. | Ινστιτούτο Δημοκρατίας Κωνσταντίνος Καραμανλής, |
| Date of publication, distribution, etc. | 2002 |
| 300 ## - PHYSICAL DESCRIPTION | |
| Extent | 192 |
| 520 ## - SUMMARY, ETC. | |
| Summary, etc. | Τα Προβήματα της Οικονομίας και η Οικονομική Πολιτική, Ακροδεξιά Στροφή ή Απαξίωση της Διακυβέρνησης, Στρατηγικός Εκπαιδευτικός Σχεδιασμός, Η Έρημη Χώρα της Ανώτατης Παιδείας, Η Ελληνική Γλώσσα: Πραγματικότητα και Προοπτικές, Το Μέλλον της Ελληνικής Γλώσσας, Η Ελληνική Γλώσσα, Η Γλώσσα και οι Εχθροί της, Οικονομικές και Κοινωνικές Επιπτώσεις της Παγκοσμιοποίησης, Πολιτικές Απασχόλησης, Συνθήκες Εργασίας και Σύγχρονες Τάσεις, Η Πολιτική και Νομική Σημασία της Τρομοκρατίας, Συμβούλιο Εξωτερικής Πολιτικής στην Ελληνική Διπλωματία: Ουσία ή Τύπος, Στοχαστική Πρόκληση για την Μελέτη και Κατανόηση των Διεθνών Σχέσεων, Η Πολιτική Ανάλυση και η Πολιτική Επιστήμη Σήμερα, Η Πολιτική Βιβλιοθήκης της Αρχαιότητας. |
| 700 1# - ΠΡΟΣΘΕΤΗ ΑΝΑΓΡΑΦΗ--ΦΥΣΙΚΟ ΠΡΟΣΩΠΟ | |
| Personal name | Ανδριανός Γιάννης |
| 9 (RLIN) | 9406 |
| 700 1# - ΠΡΟΣΘΕΤΗ ΑΝΑΓΡΑΦΗ--ΦΥΣΙΚΟ ΠΡΟΣΩΠΟ | |
| Personal name | Μακρής Σπύρος |
| 9 (RLIN) | 9407 |
| 700 1# - ΠΡΟΣΘΕΤΗ ΑΝΑΓΡΑΦΗ--ΦΥΣΙΚΟ ΠΡΟΣΩΠΟ | |
| Personal name | Τσιμογιάννης Γρηγόρης |
| 9 (RLIN) | 9408 |
| 942 ## - ADDED ENTRY ELEMENTS (KOHA) | |
| Koha item type | Περιοδικά Δημοσιεύματα |
| Τύπος τεκμηρίου | Βιβλιοθήκη | Τρέχουσα τοποθεσία | Barcode | Ημερομηνία απόκτησης | Ταξιθετικό σύμβολο | Αριθμός αντιτύπου | Αρίθμηση σειρών / χρονολογία | Κατάσταση απόσυρσης | Κατάσταση χαμένου | Κατάσταση κατεστραμμένου | Μη δανεισμός | Σύνολο δανεισμών | Ημερομηνία τελευταίας εμφάνισης | Η τιμή ισχύει από |
|---|---|---|---|---|---|---|---|---|---|---|---|---|---|---|
| Περιοδικά Δημοσιεύματα | MC Athens Campus Library | MC Athens Campus Library | 9780000090362 | 05/06/2025 | ΠΕΡΙΟΔΙΚΑ ΨΥΧΟΛΟΓΙΑΣ | 1 | 11 | 05/06/2025 | 05/06/2025 |